000 00543nam a2200217Ia 4500
005 20241216010254.0
008 180423s9999||||xx |||||||||||||| ||und||
082 _a382
_bM94
100 _aMUÑOZ GOMA, OSCAR
245 0 _aPOLITICAS PUBLICAS PARA UN DESARROLLO COMPETITIVO
250 _a0
260 _c1997
300 _a0 pag.
_c0 cm
341 _h0
490 _v0
_a0
505 _aCOMERCIO DESLEAL/TRANSPARENCIA/CAPITAL HUMANO/
541 _d25-May-04
650 _aCIENCIAS SOCIALES
856 _zHumanidades
942 _cLIBRO
999 _c10066
_d10066